000 00523cam a2200205ua 4500
001 3323
005 20260515113649.0
008 111017n ii |||gr||||Z||||||asm
040 _cMAIN
082 _a891.4513
100 1 _aWharton, Edith,
_eAuthor.
245 1 1 _aEthan Frome
_cby Edith Wharton
250 _a1st.
260 _aKolkata:
_bShree bhumi publishing company.
300 _a142p:
_c23cm.
653 _aAssamese novel
653 _aEthan Frome
700 _aBaruah, Ananda Chandra,
_eTranslated.,
942 _cBK
999 _c3166
_d3166